"Offshore" centrá

Vymedzenie pojmu offshore centrá. Základné charakteristiky "offshore centier". Výhody a nevýhody offshore centier. Najčastejšie aktivity na offshore centrách.

Gespeichert in:
Bibliographische Detailangaben
1. Verfasser: Hrvoľová, Božena
Format: Buchkapitel
Sprache:Slowakisch
Schlagworte:
Tags: Tag hinzufügen
Keine Tags, Fügen Sie das erste Tag hinzu!

MARC

LEADER 00000naa$a2200000$$$4500
001 0087949
005 20240502072003.6
041 0 |a slo 
044 |a SK 
245 1 0 |a "Offshore" centrá  |c Božena Hrvoľová 
520 |a Vymedzenie pojmu offshore centrá. Základné charakteristiky "offshore centier". Výhody a nevýhody offshore centier. Najčastejšie aktivity na offshore centrách. 
610 2 0 |a raje daňové 
610 2 0 |a trh finančný medzinárodný 
610 2 0 |a banky 
610 2 0 |a únik daňový 
610 2 0 |a zaťaženie daňové 
610 2 0 |a investovanie kolektívne 
610 2 0 |a pranie špinavých peňazí 
100 1 |a Hrvoľová, Božena